00405nam a2200145Ia 4500008004100000082001000041100002200051245001600073260002000089630001600109730001600125942000900141999001900150952009000169100328s9999 xx 000 0 und d b14808 aMalgonkar Manohar aThe Prinees bHamish Hamilton aThe Prinees aThe Prinees cBOOK c509702d509699 00104070aRNVbRNVd2010-03-28l0pRNV-14808r2010-03-28 00:00:00w2010-03-28yBOOK